00621nam a22002057a 450000500170000001000130001702000220003003500130005203700160006504000120008108200150009310000160010824500830012426000450020727000500025230000210030250000190032365000330034265000400037520170124110216.0 aA-761447 c00.00a8120716205 aA-761447 bCen Lib/Ret aDPLbEN a880.8bBAR aBaral, K. C aSigmund freud :cby K. C. Baralba study of his theory of art and literature / aNew DelhibSterling Publishers c1995 aL-10, Green Park ExtensionbNew Delhie110016 a145p. c21cm(Hb) aIncludes index aFreud, Sigmund, -- 1856-1939 aFreud, Sigmund,--Art and literature